00523nam a2200169 i 450000100060000000300090000600500170001500700030003200800410003502000180007610000240009424501020011826000350022030000300025550500340028585200340031951065ES-MaACL20230906162305.0t|030808s1983 fr ||||1| fre d a2-252-02437-21 aChantraine, Pierre.10aDictionnaire étymologique de la langue grecque b: histoire des mots / cpar Pierre Chantraine. aParis : bKlincksieck, c1983. a2 v. (1368 p.) ; c28 cm.8 aContiene: V. I: A-K. -- V. II aES-MaACLjC-1914-5 bR.113119